000 00599nam a2200217Ia 4500
005 20230114094613.0
008 131103s9999 xx 000 0 und d
040 _aLoreto College
041 _aEnglish
082 _a821.4
_bMAR-MAR
245 4 _aThe poems & letters of Andrew Marvell
_cedited by H.M.Margoliouth
250 _a2nd ed.
260 _aOxford
_bClarendon Press
_c1953
300 _axv,347 p.
504 _aIncludes appendix and index
650 _aEnglish Poetry
651 _aMarvell,Andrew - Collections
700 _aMagotiouth,H.M.,ed.
850 _aLCLIB
942 _cBK
999 _c13105
_d63584